Performance-based intervention for durable concrete repairs (Record no. 107433)
[ view plain ]
| 000 -LEADER | |
|---|---|
| fixed length control field | 00976cam a22002295a 4500 |
| 001 - CONTROL NUMBER | |
| control field | L140133 |
| 008 - FIXED-LENGTH DATA ELEMENTS--GENERAL INFORMATION | |
| fixed length control field | 070905s2007 xxk df 000 0 eng d |
| 020 ## - INTERNATIONAL STANDARD BOOK NUMBER | |
| International Standard Book Number | 9781848060067 |
| 035 ## - SYSTEM CONTROL NUMBER | |
| System control number | (Sirsi) u140133 |
| 041 0# - LANGUAGE CODE | |
| Language code of text/sound track or separate title | eng |
| 050 04 - LIBRARY OF CONGRESS CALL NUMBER | |
| Classification number | 693.54 $2 18 |
| 100 1# - MAIN ENTRY--PERSONAL NAME | |
| Personal name | Matthews, Stuart |
| 245 00 - TITLE STATEMENT | |
| Title | Performance-based intervention for durable concrete repairs |
| 260 ## - PUBLICATION, DISTRIBUTION, ETC. | |
| Place of publication, distribution, etc. | Garston |
| Name of publisher, distributor, etc. | IHS BRE |
| Date of publication, distribution, etc. | 2007 |
| 300 ## - PHYSICAL DESCRIPTION | |
| Extent | 8p. |
| Dimensions | 30cm. |
| 490 #0 - SERIES STATEMENT | |
| Series statement | BRE Information Paper |
| Volume/sequential designation | IP 9/07 |
| 520 ## - SUMMARY, ETC. | |
| Summary, etc. | Outlines the concept of performance-based intervention for durable concrete repairs and summarises a key output from CONREPNET (a thematic network on the performance-based remediation of reinforced concrete). Relevant to owners and managers of concrete structures and those responsible for maintaining and repairing them. |
| 590 ## - LOCAL NOTE (RLIN) | |
| Local note | KA |
| 651 #4 - SUBJECT ADDED ENTRY--GEOGRAPHIC NAME | |
| Geographic name | United Kingdom |
| Chronological subdivision | |
| 690 ## - LOCAL SUBJECT ADDED ENTRY--TOPICAL TERM (OCLC, RLIN) | |
| Topical term or geographic name as entry element | BUILT ENVIRONMENT-BUILDING MATERIALS-CEMENTITIOUS, CONCRETE AND MINERAL BOUND MATERIALS |
| 942 ## - ADDED ENTRY ELEMENTS (KOHA) | |
| Suppress in OPAC | 0 |
| Withdrawn status | Lost status | Source of classification or shelving scheme | Damaged status | Not for loan | Home library | Current library | Shelving location | Date acquired | Total Checkouts | Full call number | Barcode | Date last seen | Copy number | Price effective from | Koha item type |
|---|---|---|---|---|---|---|---|---|---|---|---|---|---|---|---|
| Dewey Decimal Classification | London | London | BRE publications | 10/09/2007 | ENQUIRY DESK | 30074284 | 06/08/2019 | 1 | 06/08/2019 | Book |